| 000 | 01595cam a2200397 a 4500 | ||
|---|---|---|---|
| 001 | 14931230 | ||
| 003 | OSt | ||
| 005 | 20151013161100.0 | ||
| 008 | 070717s2007 enk 000 0 eng d | ||
| 010 | _a 2007277749 | ||
| 015 |
_aGBA687791 _2bnb |
||
| 016 | 7 |
_a013578261 _2Uk |
|
| 020 | _a9780521834759 (hbk.) | ||
| 020 | _a0521834759 (hbk.) | ||
| 020 | _a9780521542524 (pbk.) | ||
| 020 | _a0521542529 (pbk.) | ||
| 035 | _a(CStRLIN)CUBGGLAD17527045-B | ||
| 040 |
_aUKM _cUKM _dBAKER _dBWKUK _dYDXCP _dBTCTA _dIXA _dCUY _dDLC |
||
| 042 | _alccopycat | ||
| 050 | 0 | 0 |
_aPR6011.O58 _bZ64545 2007 |
| 082 | 0 | 4 |
_a823.912 _222 _bCAC |
| 245 | 0 | 4 |
_aThe Cambridge companion to E.M. Forster / _cedited by David Bradshaw. |
| 260 |
_aCambridge; _aNew York : _bCambridge University Press, _c2007. |
||
| 300 |
_axvii, 287 p. ; _c24 cm. |
||
| 490 | 1 | _aCambridge companions | |
| 504 | _aIncludes bibliographical references (p. 274-280) and index. | ||
| 600 | 1 | 0 |
_aForster, E. M. _q(Edward Morgan), _d1879-1970 _xCriticism and interpretation _952194 |
| 700 | 1 |
_aBradshaw, David, _d1955- _98531 |
|
| 830 | 0 |
_aCambridge companions. _938305 |
|
| 856 | 4 | 2 |
_3Publisher description _uhttp://www.loc.gov/catdir/enhancements/fy0729/2007277749-d.html |
| 856 | 4 | 2 |
_3Contributor biographical information _uhttp://www.loc.gov/catdir/enhancements/fy0729/2007277749-b.html |
| 856 | 4 | 1 |
_3Table of contents only _uhttp://www.loc.gov/catdir/enhancements/fy0729/2007277749-t.html |
| 906 |
_a7 _bcbc _ccopycat _d2 _encip _f20 _gy-gencatlg |
||
| 942 |
_2ddc _cBOOK |
||
| 999 |
_c38409 _d272909 |
||